| 000 | 00887 a2200253 4500 | ||
|---|---|---|---|
| 020 | _a1558605746 | ||
| 040 |
_aDLC _bDLC |
||
| 082 | 0 | 0 | _a621.382/1 |
| 100 | 1 | _aWalrand, Jean. | |
| 245 | 1 | 0 |
_aHigh-performance communication networks _cJean Walrand, Pravin Varaiya. |
| 250 | _a2nd ed. | ||
| 260 |
_aSan Francisco : _bMorgan Kaufmann, _cc2000. |
||
| 300 |
_axxii, 693 p. ; _c25 cm. |
||
| 440 | 4 | _aThe Morgan Kaufmann series in networking | |
| 650 | 0 | _aComputer networks. | |
| 650 | 0 | _aMultimedia systems. | |
| 650 | 0 | _aHigh performance computing. | |
| 650 | 0 | _aAsynchronous transfer mode. | |
| 650 | 0 | _aWireless communication systems. | |
| 700 | 1 | _aVaraiya, P.P. | |
| 856 | 4 | 1 |
_3Table of contents _uhttp://www.loc.gov/catdir/toc/els033/99047341.html |
| 856 | 4 | 1 |
_3Publisher description _uhttp://www.loc.gov/catdir/description/els033/99047341.html |
| 942 |
_cBK _k621.3821 WAL _2ddc |
||
| 999 |
_c8201 _d8201 |
||